000 00457nam a2200181Ia 4500
001 25316
005 20260414151141.0
008 260414t2024||||xx |||||||||||||| ||spa||
041 _aESP
082 _a343.0999IA
_bB25
100 _aBarrio Andrés, Moisés,
_eAUT
245 0 _aEl reglamento europeo de inteligencia artificial
_b
260 _c2024
300 _a217 páginas :
_c21 cm.
650 _aDER
654 _aCDE
942 _cLIB
_dJUS
_fJUS
_2ddc
_n
999 _c25316
_d25316